| 000 | 01379cad a22002895a 4500 | ||
|---|---|---|---|
| 001 | E148805 | ||
| 008 | 091111s2009 xxk f s000 0 eng d | ||
| 020 | _a9780755977161 | ||
| 035 | _a(Sirsi) u148805 | ||
| 041 | 0 | _aeng | |
| 050 | 0 | 4 | _a346.410438 $2 18 |
| 110 | 1 |
_aMacaulay Land Use Research Institute _9580 |
|
| 245 | 0 | 0 |
_aChanging land use in rural Scotland _bdrivers and decision-making _h[electronic resource] |
| 260 |
_aEdinburgh _bScottish Government Social Research _c2009 |
||
| 490 | 0 |
_aAgriculture, Fisheries and Rural Affairs Research Findings _v(8) 2009 |
|
| 520 | _aPresents the results of research carried out as part of the Scottish Government Rural Land Use Study. The research looked at the causes of changes in the use of rural land; the consequences of these for decision-makers; and the various influences on, and motivations of, those decision-makers. | ||
| 521 | _aAdvanced | ||
| 590 | _aKA | ||
| 651 | 4 |
_aScotland _y1999- |
|
| 690 | _aPROPERTY-RURAL AND NATURAL ASSETS-RURAL AND NATURAL ASSET MANAGEMENT-LAND MANAGEMENT | ||
| 710 | 1 | _aForest Research | |
| 710 | 1 | _aHumboldt University of Berlin | |
| 710 | 1 |
_aScottish Agricultural College _93388 |
|
| 710 | 1 | _aScottish Crop Research Institute | |
| 856 | 4 | 0 |
_uhttps://www.scotland.gov.uk/Publications/2009/11/05143002/0 _zView the report free of charge at www.scotland.gov.uk... |
| 942 | _n0 | ||
| 999 |
_c110234 _d110234 |
||